| 000 | 00568nam a2200193 i 4500 | ||
|---|---|---|---|
| 001 | 142786 | ||
| 003 | ES-MaACL | ||
| 005 | 20230906200624.0 | ||
| 007 | t| | ||
| 008 | 071010s1952 sp ||||1| cat d | ||
| 100 | 1 |
_aVidal Alcover, Jaume. _9114465 |
|
| 245 | 1 | 1 |
_aL'hora verda _b: poemes / _cJaume Vidal Alcover. |
| 260 |
_a[Palma de Mallorca] : _bMoll, _c1952. |
||
| 300 |
_a121 p. ; _c15 cm. |
||
| 490 | 1 |
_aBiblioteca les illes d'or ; _v51 |
|
| 830 | 0 |
_aBiblioteca les illes d'or ; _v51 _9181514 |
|
| 852 |
_aES-MaACL _jD-8560 _bR.33463 |
||
| 999 |
_c142786 _d142786 |
||